000 00287nam a22001337a 4500
008 170921b xxu||||| |||| 00| 0 eng d
020 _a073999757798
041 _aeng
080 _a78
100 _a45
101 _aMUZ
245 _aHANSON THIS TIME AROUND
_cOKUR,W
942 _2udc
_cBK
999 _c28793
_d28793